000
00227nam a22000977a 4500
003
OSt
008
210121b ||||| |||| 00| 0 eng d
100
_a
Steen, Edwin B
_9
4903
245
_a
Anatomy and physiology, Vol 2
942
_c
BK
999
_c
16789
_d
16789